| 000 | 00520nam a2200217Ia 4500 | ||
|---|---|---|---|
| 001 | 861 | ||
| 003 | GE_BSU | ||
| 008 | 181216s||||||||xx |||||||||||||| ||und|| | ||
| 020 | _a5713310701 | ||
| 040 | _cGE_BSU | ||
| 080 | _a327(479.9) | ||
| 100 | _aГаджиев,К.С. | ||
| 245 | _aГеополитика Кавказа. | ||
| 260 | _aМосква | ||
| 260 | _bМеждунар. Отношения | ||
| 260 | _c2001 | ||
| 300 | _a464с. | ||
| 541 | _h15 л. | ||
| 653 | _aГеополитика | ||
| 942 | _cBK | ||
| 999 |
_c35022 _d35022 |
||